Mares - ¡Muerte súbita! - Estadísticas

Estadísticas generales
  • Esta prueba ha sido intentada 62 veces
  • La puntuación promedio es 12 de 20
Answers on the Grid
Answers color-coded by a green-red scale on the quiz's grid according to % correct below.
de Galápagos
de Michigan
de Washington
de Komodo
de Omsk
de Laos
de Zanzíbar
del Cabo Blanco
Marrón
Baikal
de Bering
Arábigo
del Coral
Caribe
Negro
de Tasmania
de Japón
Adriático
Egeo
del Labrador
Tirreno
Jónico
de Mármara
de Célebes
de Barents
Amarillo
de Andamán
de Irlanda
del Norte
de Groenlandia
 
Estadísticas de respuestas
Respuesta % Correcto
Caribe
96%
Negro
96%
Egeo
94%
Adriático
91%
del Norte
91%
Arábigo
87%
de Japón
68%
Jónico
68%
de Bering
64%
Tirreno
62%
de Tasmania
57%
de Groenlandia
53%
de Barents
47%
de Irlanda
47%
del Coral
45%
de Mármara
45%
Amarillo
40%
de Andamán
40%
de Célebes
34%
del Labrador
17%
No se encontraron pruebas coincidentes
Distribución de puntuación
Porcentaje de gente con cada puntuación
Porcentaje por número respondido
Historial de tus puntuaciones
No has intentado esta prueba.